Central Library OPAC University of Rajshahi

The position of women in primitive societies, and other essays in social anthropology / (Record no. 75125)

MARC details
000 -LEADER
fixed length control field 00876nam a2200277 a 4500
001 - CONTROL NUMBER
control field 75125
003 - CONTROL NUMBER IDENTIFIER
rucl marc code BD-RjUL
005 - DATE AND TIME OF LATEST TRANSACTION
control field 20211209082642.0
008 - FIXED-LENGTH DATA ELEMENTS--GENERAL INFORMATION
fixed length control field 190123s1965 nyua b 000 0 eng
035 ## - SYSTEM CONTROL NUMBER
System control number (BD-RjUL)75343
System control number (OCoLC)489780
040 ## - CATALOGING SOURCE
Original cataloging agency DLC
Transcribing agency ODaWU
Modifying agency OCoLC
-- NBrockU
-- DLC
-- BD-RjUL
Language of cataloging eng
041 ## - LANGUAGE CODE
Language code of text/sound track or separate title eng
042 ## - AUTHENTICATION CODE
Authentication code premarc
082 ## - DEWEY DECIMAL CLASSIFICATION NUMBER
Edition number 23
Classification number 306
Author mark and year EVP 1965
100 2# - MAIN ENTRY--PERSONAL NAME
Personal name Evans-Pritchard, E. E.
Fuller form of name (Edward Evan),
Dates associated with a name 1902-1973.
9 (RLIN) 227292
245 14 - TITLE STATEMENT
Title The position of women in primitive societies, and other essays in social anthropology /
Statement of responsibility, etc. [by] E.E. Evans-Pritchard.
260 ## - PUBLICATION, DISTRIBUTION, ETC. (IMPRINT)
Place of publication, distribution, etc. New York :
Name of publisher, distributor, etc. Free Press,
Date of publication, distribution, etc. 1965
300 ## - PHYSICAL DESCRIPTION
Pagination 260 p.:
Illustrations illus.
Size 23 cm.
504 ## - BIBLIOGRAPHY, ETC. NOTE
Bibliography, etc Includes bibliographies.
650 #0 - SUBJECT ADDED ENTRY--TOPICAL TERM
Topical term or geographic name as entry element Ethnology.
9 (RLIN) 227293
Topical term or geographic name as entry element Women
General subdivision Social conditions.
9 (RLIN) 227294
942 ## - ADDED ENTRY ELEMENTS (KOHA)
Source of classification or shelving scheme Dewey Decimal Classification
Koha item type Books
Holdings
Lost status Source of classification or shelving scheme Damaged status Not for loan Collection code Permanent Location Current Location Shelving location Date acquired Source of acquisition Cost, normal purchase price Total Checkouts Full call number Date last seen Copy number Koha item type
  Dewey Decimal Classification   Not For Loan Non-fiction Central Library, University of Rajshahi Central Library, University of Rajshahi Reading Room 03/12/1968 Zeitlinger 65.00   306 EVP 1965 23/01/2019 C-1 Books